| 000 | 00000nam##2200000za#4500 |
| 001 | 9.608366 |
| 003 | CaOODSP |
| 005 | 20221123121025 |
| 007 | cr ||||||||||| |
| 008 | 150406|2015||||xxc|||||o f|0| 0 fre|d |
| 040 | |aCaOODSP|bfre |
| 043 | |an-cn--- |
| 086 | 1 |aYM32-3/412-C586F-PDF |
| 245 | 00|aProjet de loi C-586 : |h[ressource électronique]|bLoi modifiant la Loi électorale du Canada et la Loi sur le Parlement du Canada (réformes visant les candidatures et les groupes parlementaires) / |c[par] Andre Barnes. |
| 260 | |aOttawa - Ontario : |bBibliothèque du Parlement. |cLe 14 janvier 2015. |
| 300 | |a15p. |
| 490 | 1 |aRésumé législatif|v41-2-C586-F |
| 590 | |a15-12|b2015-03-20 |
| 710 | 1 |aCanada. |bService d'information et de recherche parlementaires. |
| 775 | 08|tBill C-586 |w(CaOODSP)9.581594 |
| 830 | #0|aRésumé législatif (Canada. Service d'information et de recherche parlementaires)|v41-2-C586-F|w(CaOODSP)9.501179 |
| 856 | 40|ahttp://publications.gc.ca|qPDF|s328 Ko|uhttps://publications.gc.ca/collections/collection_2015/bdp-lop/ls/41-2-c586-fra.pdf|y41-2-C586-F |